|
|
|
|
| LEADER |
01087nam a2200253 a 4500 |
| 001 |
16837988 |
| 008 |
120802s2011 bg 000 0 eng d |
| 010 |
|
|
|a 2011323771
|
| 020 |
|
|
|a 9789848815205
|
| 040 |
|
|
|a DLC
|b eng
|c DLC
|d DLC
|d BD-DhAAL
|
| 082 |
0 |
4 |
|a 320.95492
|2 23
|
| 100 |
1 |
|
|a Zaman, Mohammad Ameeruz.
|
| 240 |
1 |
0 |
|a Articles.
|k Selections
|
| 245 |
1 |
0 |
|a In quest of fairness /
|c Mohammad Ameeruz Zaman.
|
| 260 |
|
|
|a Dhaka :
|b The University Press Limited,
|c 2011.
|
| 300 |
|
|
|a viii, 245 pages ;
|c 22 cm
|
| 520 |
|
|
|a Articles on Bangladesh's electoral system, governance, and judiciary; previously published in various newspapers.
|
| 541 |
1 |
|
|e 00025758
|
| 651 |
|
0 |
|a Bangladesh
|x Politics and government.
|
| 650 |
|
0 |
|a Elections
|z Bangladesh.
|
| 650 |
|
0 |
|a Justice, Administration of
|x Political aspects
|z Bangladesh.
|
| 852 |
1 |
|
|a Ayesha Abed library
|c General Shelf
|
| 999 |
|
|
|c 12662
|d 12662
|
| 952 |
|
|
|0 0
|1 0
|2 ddc
|4 0
|6 320_954920000000000_ZAM
|7 0
|9 20894
|a IGS
|b IGS
|c GEN
|d 2012-08-02
|e The University Press Limited
|g 500.00
|l 1
|m 2
|o 320.95492 ZAM
|p 3010025758
|r 2014-06-09
|s 2013-02-14
|t 1
|w 2012-08-02
|y BK
|